Histoire sainte : Ancien et Nouveau Testament : course élémentaire ilustré

Gespeichert in:
Bibliographische Detailangaben
Format: Buch
Sprache:Französisch
Erschienen: Tours : Maison A. Mame et fils, imprimeurs-éditeurs 20 juin 1921
Katalog:MANES:  Suchergebnis im Bibliothekskatalog
Schulbuchspezifische Eigenschaften:
Schriftenreihe:Collection d'ouvrages classiques
Schlagworte:
Tags: Tag hinzufügen
Keine Tags, Fügen Sie den ersten Tag hinzu!
Hinzugefügt zu:12.02.2019
Geändert in:07.05.2025

MARC

LEADER 00000nam a22000004i 4500
003 ES-BaCBU
005 20250507130115.0
008 190213e192106 fr a|||| |||||0|| 0 fre|c
040 |a ES-BaUB  |b cat  |e rda  |c ES-BaUB 
245 0 0 |a Histoire sainte :  |b Ancien et Nouveau Testament : course élémentaire ilustré /  |c par une réunion de professeurs 
264 1 |a Tours :  |b Maison A. Mame et fils, imprimeurs-éditeurs,  |c 20 juin 1921 
300 |a 95 pàgines :  |b il·lustracions;  |c 18 cm 
336 |a text  |b txt  |2 rdacontent 
337 |a sense mediació  |b n  |2 rdamedia 
338 |a volum  |b nc  |2 rdacarrier 
490 1 |a Collection d'ouvrages classiques 
546 |a España 
561 |5 es-CRAI  |3 p2 R TEXT 2 335   |a España. Biblioteca Universitat de Barcelona  |k MANES 
630 0 4 |a Bíblia  |9 26578 
690 0 |a RyM 
691 0 |a PRI 
830 0 |a Collection d'ouvrages classiques  |9 27142 
856 |y Registro en Cercabib - CRAI 
940 |a UB 
942 |2 ddc  |c BK 
999 |c 87348  |d 87348 
999 |c manes:87348  |d 87348